| 000 | 02535nam a2200349 i 4500 | ||
|---|---|---|---|
| 003 | DO-SdBNP | ||
| 005 | 20251015104237.0 | ||
| 007 | ta | ||
| 008 | 250530b2024 dr ac||| |||| 00| 0 spa d | ||
| 020 | _a9789945634341 | ||
| 040 |
_aDO-SdBNP _bspa _cBNPHU _erda |
||
| 041 | _aspa | ||
| 082 | 4 |
_a304.8097293 _bB641t _222 |
|
| 100 | 1 |
_aBlanco Cepín, Magyoly Victoria, _4aut. _eautor _987927 |
|
| 245 | 1 | 0 |
_aTrascendiendo fronteras : _buna guía sobre las oportunidades a favor de la diáspora dominicana / _cMagyoly Victoria Blanco Cepin, Nicole Checo Rodríguez ; coordinación, tutoría y revisión, Adriana Yelina de la Cruz Holguín ; revisión técnica, Pablo Asencio, Mario Gallego Cosme, Ilmarys Capellán, Lissa Pérez Patrocino ; coordinadora editorial, Aimara Vera Riverón ; corrección de estilo, Kary Alba Rocha Arias ; diseño y diagramación, Laura Longa M. |
| 264 | 4 |
_aSanto Domingo, Republica Dominicana : _bInstituto Nacional de Migración de la Republica Dominicana, _c©2024. |
|
| 300 |
_a104 páginas : _bilustraciones, retratos ; _c27 cm. |
||
| 336 |
_atexto _btxt _2rdacontent |
||
| 337 |
_asin mediación _bn _2rdamedia |
||
| 338 |
_avolumen _bnc _2rdacarrier |
||
| 504 | _aBibliografía: páginas 99- | ||
| 505 | _aIntroducción, 9.-- Objetivo, 11.-- Protección social trasnacional, 13.-- Estrategia Nacional de Desarrollo 2030 (END) y el Plan Plurianual del Sector Público, 21.-- Consideraciones finales sobre la protección social trasnacional, 25.-- Trascendiendo fronteras : una guía sobre las oportunidades a favor de la diáspora dominicana, 33.-- Sector educación, 38.-- Sector salud, 52.-- Organismos descentralizados del sector salud, 56.-- Sector cultural, 58.-- Sector deportivo, 64.-- Sector transporte, 66.-- Sector económico, 68.-- Relaciones exteriores, 72.-- Sector seguridad, 78.-- Sistema tributario de la República Dominicana, 80.-- Medidas gubernamentales en materias civil y electoral, 82.-- Conclusión, 89.-- Recomendaciones, 95.-- | ||
| 590 | _aInventariado, 2025 /LP | ||
| 650 | 4 |
_aEmigración e Inmigración _xAspectos sociales _zRepública Dominicana _985485 |
|
| 650 | 4 |
_aGuías _xDominicanos en el extranjero _920961 |
|
| 651 | 0 |
_aRepública Dominicana _978065 _xRelaciones con sus nacionales en el extranjero |
|
| 653 | _aDominicanos en el extranjero | ||
| 700 | 1 |
_aCheco Rodríguez, Nicole _eautor _4aut. _987928 |
|
| 710 | 1 |
_aInstituto Nacional de Migración del la Republica Dominicana _987226 |
|
| 910 | _aLP. Validado control de calidad/ MAA | ||
| 942 |
_2ddc _cLBS1 |
||
| 999 |
_c58453 _d58453 |
||